Corporate governance (Record no. 129536)
[ view plain ]
| 000 -LEADER | |
|---|---|
| fixed length control field | 02203nam a2200373 a 4500 |
| 082 04 - DEWEY DECIMAL CLASSIFICATION NUMBER | |
| Classification number | 346/.0664 |
| 100 1# - MAIN ENTRY--AUTHOR NAME | |
| Personal name | Calder, Alan, |
| 245 10 - TITLE STATEMENT | |
| Title | Corporate governance |
| 260 ## - PUBLICATION, DISTRIBUTION, ETC. (IMPRINT) | |
| Place of publication | London ; |
| -- | Philadelphia : |
| Name of publisher | Kogan Page, |
| Year of publication | 2008. |
| 300 ## - PHYSICAL DESCRIPTION | |
| Number of Pages | vi, 282 p. |
| 505 0# - FORMATTED CONTENTS NOTE | |
| Formatted contents note | Corporate governance : the historical background -- Corporate governance in the United States -- Corporate governance in the European Union -- Corporate governance in the United Kingdom : the statutory framework -- Corporate governance in the United Kingdom : the non-statutory framework -- The listing rules and the combined code on corporate governance -- Duties of directors -- The board -- The company secretary -- Directors' remuneration -- The combined code and financial reporting -- Risk management -- Internal control and the Turnbull guidance -- The audit and auditors -- The audit committee -- Relations with shareholders -- Corporate governance in the UK public sector -- IT governance -- Corporate social responsibility. |
| 650 #0 - SUBJECT ADDED ENTRY--TOPICAL TERM | |
| Topical Term | Corporate governance |
| Topical Term | International business enterprises |
| Topical Term | Corporate governance |
| 856 40 - ELECTRONIC LOCATION AND ACCESS | |
| Uniform Resource Identifier | http://site.ebrary.com/lib/rucke/Doc?id=10217845 |
No items available.
